| 000 | 00662cam a2200145 4500500 | ||
|---|---|---|---|
| 005 | 20251228093426.0 | ||
| 041 | _afre | ||
| 042 | _adc | ||
| 100 | 1 | 0 |
_aKeep, John _eauthor |
| 245 | 0 | 0 | _aSergei BOGATYREV, ed. Russia Takes Shape: Patterns of Integration from the Middle Ages to the Present Helsinki: Academia Scientiarum Fennica, 2004, 289 p. (Annales Academiae Scientiarum Fennicae, Humaniora, 1239-6982 ; 335) |
| 260 | _c2005. | ||
| 500 | _a42 | ||
| 786 | 0 | _nCahiers du monde russe | Vol 46 | 4 | 2005-11-01 | p. 859ze-990ze | 1252-6576 | |
| 856 | 4 | 1 | _uhttps://shs.cairn.info/revue-cahiers-du-monde-russe-2005-4-page-859ze?lang=fr&redirect-ssocas=7080 |
| 999 |
_c1604357 _d1604357 |
||